LEADER 01231nam a2200265 4500 001 000000353052 003 CaOOAMICUS 005 20230801145458.0 008 230308s2023 it 000 u ita r 020 $a978-88-566-9039-2 040 $aSeMil$bita 100 1 $aGänswein, Georg,$c.$0(OLS)http://semarc/name/113252 245 10$aNient'altro che la verità :$bla mia vita al fianco di Benedetto 16. /$cGeorg Gänswein, con Saverio Gaeta. 264 1$aMilano :$bPiemme,$c2023. 300 $a331 p. ;$c23 cm 600 14$aGänswein, Georg .$0(OLS)http://semarc/subject/54114 600 04$aBenedetto XVI .$0(OLS)http://semarc/subject/16830 700 1 $aGaeta, Saverio,$d<1958- >.$0(OLS)http://semarc/name/15095 850 $aSeMil 852 $aSeMil$W1$xVenegono$y1$m3A III 346$j242604$B244279$CSeMilBibl$Z2$F244279 $81 961 $aGnani don Emilio - Omaggio 996 $6020$a978-88-566-9039-2$9(OLS)http://semarc/number/297735 996 $6245$aNient'altro che la verità :$bla mia vita al fianco di Benedetto 16.$9(OLS)http://semarc/title/443039 996 $6264$aMilano :$bPiemme$9(OLS)http://semarc/publisher/34822 LEADER 01166nam a2200265 i 4500 001 000000043530 003 CaOOAMICUS 005 20090820000000.0 008 090820s1972 gw u000 u ger u 013 $a14700 020 $a3-511-04225-9 040 $aSeMil$bita 100 1 $aLang, August,$d<1867-1945>.$0(OLS)http://semarc/name/21622 245 14$aDie Bekehrung Johannes Calvins /$cAugust Lang. 260 $aAalen :$bScientia Verlag,$c1972. 300 $aVI, 57 p. ;$c21 cm. 490 0 $aStudien zur Geschichte der Theologie und der Kirche ;$vBd.2.Hft. 1 500 $aRipr. facs. dell'ed.: Leipzig : Dieterich, 1897. 600 14$aCalvino, Giovanni .$0(OLS)http://semarc/subject/3437 830 0$aStudien zur Geschichte der Theologie und der Kirche ;$vBd.2.Hft. 1.$0(OLS)http://semarc/title/64015 850 $aSeMil 852 $aSeMil$W1$xVenegono$y1$m2B II 355$j9685$B9685$CSeMilBibl$Z2$F9685 $81 996 $6020$a3-511-04225-9$9(OLS)http://semarc/number/15111 996 $6245$aDie Bekehrung Johannes Calvins$9(OLS)http://semarc/title/64017 996 $6260$aAalen :$bScientia Verlag$9(OLS)http://semarc/publisher/30333